000 00361nam a2200145Ia 4500
008 230917s9999||||xx |||||||||||||| ||und||
040 _e133073
_aMAIN
041 _aEnglish
082 _a642 D849P
100 _aDrysdale, John A
245 0 _aProfitable menu planning
260 _aNew Jersey
_bPearson Prentice-Hall
_c2008
300 _a364 p.
942 _cBK
999 _c152900
_d152900